ბათუმის შოთა რუსთაველის სახელმწიფო უნივერსიტეტის ბიბლიოთეკა

ნუ მოკლავ ჯაფარას = TO KILL A MOCKINGBIRD : (ბიბ.ჩანაწერი № 54916)

000 -ლიდერი
ფიქსირებული სიგრძის საკონტროლო ველი 01547nam a2200265Ia 4500
001 - საკონტროლო ნომერი
საკონტროლო ველი 21987
003 - საკონტროლო ნომრის იდენტიფიკატორი
საკონტროლო ველი GE_BSU
005 - ბოლო ოპერაციის თარიღი და დრო
საკონტროლო ველი 20220922153404.0
008 - ფიქსირებული სიგრძის მონაცემთა ელემენტები - ზოგადი ინფორმაცია
ფიქსირებული სიგრძის საკონტროლო ველი 181216s ||||ge |||||||||||||| ||geo||
040 ## - კატალოგიზაციის წყარო
Transcribing agency GE_BSU
041 ## - ენის კოდი
Language code of text/sound track or separate title geo
080 ## - უნივერსალური ათობითი კლასიფიკაციის ინდექსი
Universal Decimal Classification number 821.111(73)-31 ლ-53
100 ## - მთავარი ჩანაწერი - პიროვნების სახელი
Personal name ლი, ჰარპერ
9 (RLIN) 14709
245 ## - ცნობა სათაურის შესახებ
Title ნუ მოკლავ ჯაფარას = TO KILL A MOCKINGBIRD :
Remainder of title [ამერიკელი მწერლის მოთხრობა] /
Statement of responsibility, etc ჰარპერ ლი ; ინგლისურიდან თარგმნა ლ. დუმბაძემ ; რედ. ა. ბეშიძე.
264 ## - წარმოების, გამოცემის, დისტრიბუციის და სხვა ცნობები
გამოცემის, წარმოების, დისტრიბუციის... ადგილი ბათუმი :
გამოცემის, წარმოების, დისტრიბუციის... სახელწოდება საბჭოთა აჭარა,
გამოცემის, წარმოების, დისტრიბუციის... თარიღი 1985.
300 ## - ფიზიკური აღწერა
Extent 139 გვ. ;
Dimensions 20 სმ.
653 ## - INDEX TERM--UNCONTROLLED
Uncontrolled term ამერიკელი მწერლის მოთხრობა
653 ## - INDEX TERM--UNCONTROLLED
Uncontrolled term მხატვრული ლიტერატურა
653 ## - INDEX TERM--UNCONTROLLED
Uncontrolled term ნუ მოკლავ ჯაფარას
700 ## - ADDED ENTRY--PERSONAL NAME
Personal name დუმბაძე, მ.
Relator term მთარგმნელი
9 (RLIN) 1562
700 ## - ADDED ENTRY--PERSONAL NAME
Personal name ბეშიძე, ა.
Relator term რედაქტორი
9 (RLIN) 14710
710 ## - ADDED ENTRY--CORPORATE NAME
Corporate name or jurisdiction name as entry element საქართველოს მწერალთა კავშირთან არსებული მხატვრული თარგმანისა და ლიტერატურული ურთიერთობების მთავარი სარედაქციო კოლეგია
9 (RLIN) 14711
942 ## - ADDED ENTRY ELEMENTS (KOHA)
Koha item type წიგნი
Source of classification or shelving scheme
ეგზემპლარები
ჩამოწერის სტატუსი დაკარგული ეგზემპლარის სტატუსი კლასიფიკაციის წყარო ან თაროზე გაწყობის სქემა დაზიანების სტატუსი არ გაიცემა მუდმივი მდებარეობა (დაცვის ადგილი) ამჟამინდელი ადგილსამყოფელი თაროზე განთავსების ადგილი შეძენის თარიღი ღირებულება, შესყიდვის ნორმალური ფასი სრული შენახვის შიფრი შტრიხკოდი ბოლო ოპერაციის თარიღი ეგზემპლარის მიმდევრობითი ნომერი (კეტერი?) ფასის ძალაში შესვლის თარიღი ეგზემპლარის სახეობა საჯარო შენიშვნა
          ბათუმის შოთა რუსთაველის სახელმწიფო უნივერსიტეტის მთავარი ბიბლიოთეკა ბათუმის შოთა რუსთაველის სახელმწიფო უნივერსიტეტის მთავარი ბიბლიოთეკა წიგნსაცავი 2018-12-17 3.00 821.111(73)-31 ლ-53 56726 2018-12-17 56727 2018-12-17 წიგნი 3.00 ₾.